00466nam a2200193Ia 4500003000400000005001700004008004100021020001500062040000700077041000800084082002300092100002100115245004700136250000600183260003400189300001500223365001300238700002100251OSt20240904101237.0210423s1995 xx 000 0 und d a8180522083 cAL aeng a658.152b FISS223 aDonald E Fischer aSecurity analysis and portfolio management a6 aNew DelhibOxford & IBHc1995 axi,691bPB b325cINR aJordan, Ronald J